Rechne +7 - Sudden Death - Statistiken

Allgemein
  • Dieses Quiz wurde 473 mal gespielt
  • Das Durchschnittsergebnis liegt bei 12 aus 18
Answers on the Grid
Answers color-coded by a green-red scale on the quiz's grid according to % correct below.
3
10
17
21
9
8
11
24
29
22
32
30
31
38
44
58
43
46
45
53
49
67
61
52
56
70
73
66
59
62
79
80
74
85
81
88
87
94
98
107
90
105
101
110
102
113
116
108
115
122
 
Antwortstatistiken
Antwort % Korrekt
10
100%
17
99%
3
92%
24
87%
31
84%
38
83%
45
77%
52
73%
59
71%
66
60%
73
52%
80
51%
87
46%
94
45%
101
40%
108
38%
115
36%
122
34%
Keine übereinstimmenden Quizze gefunden
Verteilung der Resultate
Anzahl Personen mit jedem Resultat
Perzentil nach korrekt beantworteten Fragen
Ihre Resultats-Entwicklung
Sie haben dieses Quiz noch nicht gespielt